000
00216 a2200097 4500
020
_a
9588180066
041
_a
spa
100
_a
Lauro Alonso Aldana Felix
245
_a
Biblioteca Ibalpe para el Estudiante
942
_c
BK
999
_c
16027
_d
16027